000 00583nam a2200205Ia 4500
005 20240320153444.0
008 131103s9999 xx 000 0 und d
020 _a81 7224 920 9
_cRs.625.00
040 _aLoreto College
041 _aEnglish
082 _a150.287
_bJAC
100 _aJacson, Charles
245 _aUnderstanding Psychological Testing
_cCharles Jackson
260 _aMumbai
_bJaico
_c2001
300 _axv,174p.
_b chart
504 _aIncludes bibliographicalreferences,appendix, glossary & index
650 _aPsychology
850 _aLCBED
942 _cBK
999 _c26694
_d77173